00648nam a2200193Ia 45000010006000000050017000060080041000230410008000640820023000721000027000952450102001222600009002243000033002336500008002666540008002749420025002829990017003079520130003241585920260306170227.0260306t2008||||xx |||||||||||||| ||und|| aESP a620.112bA174 V. 1 aAshby, Michael F.eAUT 0aMateriales para ingeniería 1:bintroducción a las propiedades, las aplicaciones y el diseño c2008 axiv, 424 páginas :c24 cm. aGEN aCIC cLIBdJUSfJUS2ddcn c15859d15859 o620.112 A174 V. 1p10689858UCSPt47052bVABaVABcSPd2026-06-03e6r2026-03-06 22:02:27l0w2026-03-06yLIB102ddc4000